• 首页
  • 本馆介绍
  • 公告通知
  • 最新文献
  • 馆藏检索
  • 电子资源
  • 读者导购
  • 参考咨询
  • 我的图书馆
  • 登录
  • 详细信息显示
  • 放入我的书架
  • 预约/预借图书
  • 作者相关作品
  • 分类相关作品
  • 丛书相关作品
  • 出版社相关作品

书目信息

  • 表格格式
  • 工作单格式
  • 卡片格式
题名:
失落的文明:犹太王国
    
 
作者: 沐涛 季惠群 著
分册:  
出版信息: 上海   华东师大出版社  2001
页数: 152页
开本: 20cm
丛书名:
单 册:
中图分类: K381
科图分类:
主题词: 亚洲--历史
电子资源:
ISBN: 7-5617-2427-6
000 00553nam0 2200181 450
001 0736196517
005 20070924100316.51
010    @a7-5617-2427-6@d¥10.00
100    @a20070924d km y0chiy0120 ea
101 0  @achi
200 1  @a失落的文明:犹太王国@Ashi luo de wen ming:you tai wang guo@f沐涛 季惠群著@Fmu tao ji hui qun zhu
210    @a上海@c华东师大出版社@d2001
215    @a152页@c照片@d20cm
606 0  @a亚洲@x历史
690    @aK381@v3
701  0 @a沐涛 季惠群@Amu tao ji hui qun@4著
801  0 @aCN@bPFT@c20070924
905    @a213230@dK381@eZY1@f1
    
    失落的文明:犹太王国/沐涛 季惠群著.-上海:华东师大出版社,2001
    152页:照片;20cm
    
    
    ISBN 7-5617-2427-6:¥10.00
    
●
相关链接 在E读中查询图书 在五车中查询图书 在当当中查询图书 在豆瓣中查询图书


正题名:失落的文明:犹太王国     索取号:K381/ZY1         预约/预借

序号 登录号 条形码 馆藏地/架位号 状态 备注
1 7900439   279004391   密集书库-资源管理系/ [索取号:K381/ZY1] 在馆    
唐山师范学院图书馆 欢迎您!
大连网信软件有限公司© 版权所有